| 000 | 008860000a22002890004500 | ||
|---|---|---|---|
| 003 | LK-CoMWRAF | ||
| 008 | 230817t ||||| |||| 00| 0 eng d | ||
| 020 | _a9555991669 | ||
| 040 |
_aLK-CoMWRAF _dLK-CoMWRAF _eLK-CoMWRAF |
||
| 041 | _aeng | ||
| 082 |
_a151.5 _bWEE |
||
| 100 | _aWeeramantry, C.G. | ||
| 245 |
_aIslamic Jurisprudence _bAn International Perspective |
||
| 260 |
_bSarvodaya Vishva Lekha Publications _aSri Lanka (Ratmalana) _c1999 |
||
| 300 | _ap.207 | ||
| 650 | _aArabic Resurgence of Learning | ||
| 650 | _aIslam and Human Rights | ||
| 650 | _aIslamic Influences on European Legal Philosophy and Law | ||
| 650 | _aIslamic International Law | ||
| 650 | _aLaw of Peace | ||
| 650 | _aLaw of War | ||
| 650 | _aOrigins of Islamic Law | ||
| 650 | _aSchools Law | ||
| 650 | _aSome basic Islamic Legal Ideas | ||
| 650 | _aSources of Islamic Law | ||
| 942 | _cBK | ||
| 999 |
_c1671 _d1671 |
||